000 01148nam a2200205Ii 4500
003 JO-AjNU
008 230605s9999||||xx |||||||||||||| ||und||
040 _aJO-AjNU
_bara
_erda
_cJO-AjNU
041 _aara
050 1 4 _aLB1140.5.L3.M612 2004
100 3 _al مؤلف/ جمل،محمد جهاد مراجع/حرب،سناء مترجمة Morrow, Lesley Mandel,
_eauthor
_934851
245 0 0 _aتطوير تعلم مهارتي القراءة والكتابة في السنوات الأولى:مساعدة الأطفال على القراءة والكتابة= Literacy Development In The Early Years : Helping Children Read and Write
250 _aط1
264 3 1 _aالعين:دار الكتاب الجامعي،2004
300 _a399ص
336 _atext
_btxt
_2rdacontent
337 _aunmediated
_bn
_2rdamedia
338 _avolume
_bnc
_2rdacarrier
650 4 _a لغات-تعلم وتعليم-الولايات المتحدة الأمريكية. قراءة-تعلم وتعليم (أساسي)-الولايات المتحدة الأمريكية. كتابة-تعلم وتعليم-الولايات المتحدة الأمريكية.
_934852
999 _aA14330
_c17898
_d17898